Transacting transition : (Record no. 13577)

000 -LEADER
fixed length control field 00684cam a22002054a 4500
020 ## - INTERNATIONAL STANDARD BOOK NUMBER
ISBN 1565492226 (pbk. : alk. paper)
020 ## - INTERNATIONAL STANDARD BOOK NUMBER
ISBN 9781565492226
040 ## - CATALOGING SOURCE
Transcribing agency DLC
082 00 - DEWEY DECIMAL CLASSIFICATION NUMBER
Classification number 949 KUM 2006 A101 Or.
245 00 - TITLE STATEMENT
Title Transacting transition :
Remainder of title the micropolitics of democracy assistance in the former Yugoslavia /
260 ## - PUBLICATION, DISTRIBUTION, ETC. (IMPRINT)
Place of publication Bloomfield, CT :
Name of publisher Kumarian Press,
Year of publication c2006.
300 ## - PHYSICAL DESCRIPTION
Number of Pages x, 214 p. :
Other physical details ill., maps ;
Dimensions 23 cm.
650 #0 - SUBJECT ADDED ENTRY--TOPICAL TERM
Topical Term Democratization
650 #0 - SUBJECT ADDED ENTRY--TOPICAL TERM
Topical Term Civil society
650 #0 - SUBJECT ADDED ENTRY--TOPICAL TERM
Topical Term Economic assistance, American
650 #0 - SUBJECT ADDED ENTRY--TOPICAL TERM
Topical Term Technical assistance, American
700 1# - ADDED ENTRY--PERSONAL NAME
Personal name Brown, Keith,
856 41 - ELECTRONIC LOCATION AND ACCESS
Uniform Resource Identifier http://www.loc.gov/catdir/toc/ecip0611/2006010521.html
942 ## - ADDED ENTRY ELEMENTS (KOHA)
Koha item type សៀវភៅភាសាអង់គ្លេស
952 ## - LOCATION AND ITEM INFORMATION (KOHA)
Withdrawn status [LOCAL, KOHA] 0
Holdings
Permanent Location Date acquired Koha item type Lost status Shelving location Barcode Current Location Full call number
Library Block A2017-08-28សៀវភៅភាសាអង់គ្លេស A102A17461Library Block A949 KUM 2006 A102 Or.
មជ្ឈមណ្ឌលឯការនៃសាកលវិទ្យាល័យភូមិន្ទកសិកម្មចំការដូង

Powered by Koha